Desarrollo humano y ética para la sustentabilidad

Guardat en:
Dades bibliogràfiques
Autor principal: Elizalde Hevia, Antonio Jaime (Autor)
Format: Llibre
Idioma:espanyol
Publicat: Santiago Universidad Bolivariana 2003
Edició:1a. ed
Col·lecció:Pensamiento Ambiental Latinoamericano, 8
Matèries:
Etiquetes: Afegir etiqueta
Sense etiquetes, Sigues el primer a etiquetar aquest registre!

MARC

LEADER 00000nam a2200000 a 4500
001 UCH0128
003 CL-VaPUC
008 090108e20030000CL |||||||||||||||||spa|d
020 |a 9568024034 
082 0 4 |a 333.7  |b ELI  |2 21 
100 0 |a Elizalde Hevia, Antonio Jaime  |e author  |9 534236 
245 1 0 |a Desarrollo humano y ética para la sustentabilidad 
250 |a 1a. ed 
300 |a 166 p 
942 |c BK 
945 |d 20090108 00:00:00  |a jtorresc 
260 |a Santiago  |b Universidad Bolivariana  |c 2003 
650 0 |a Desarrollo sustentable  |9 333905 
650 0 |a Desarrollo humano  |9 349614 
650 0 |a Desarrollo social  |9 264534 
650 0 |a Medio ambiente  |9 257625 
583 |a last modification  |c 20130104 08:28:31  |k Rodrigo Vera 
490 0 |a Pensamiento Ambiental Latinoamericano, 8 
999 |c 332505  |d 332503 
952 |0 0  |1 0  |4 0  |6 333_700000000000000_ELI_2003  |7 0  |8 A  |9 420282  |a BIBEDU  |b BIBEDU  |d 2019-11-22  |i 4511263  |o 333.7 ELI 2003  |p 4511263  |r 2019-11-22  |w 2019-11-22  |y BK  |k EBA